Welcome to CU Library Online Public Access Catalogue (OPAC)

The Meaning of sociology : (Record no. 3056)

MARC details
000 -LEADER
fixed length control field 00562pam a2200193 a 4500
001 - CONTROL NUMBER
control field 4296508
005 - DATE AND TIME OF LATEST TRANSACTION
control field 20250124195456.0
008 - FIXED-LENGTH DATA ELEMENTS--GENERAL INFORMATION
fixed length control field 860429s1987 nju b 001 0 eng
020 ## - INTERNATIONAL STANDARD BOOK NUMBER
International Standard Book Number 0135674476 (pbk.) :
Terms of availability $16.95
050 00 - LIBRARY OF CONGRESS CALL NUMBER
Classification number HM51
Item number .M325 1987
082 00 - DEWEY DECIMAL CLASSIFICATION NUMBER
Classification number 301
Edition information 19
245 04 - TITLE STATEMENT
Title The Meaning of sociology :
Remainder of title a reader /
Statement of responsibility, etc. Joel M. Charon, editor.
250 ## - EDITION STATEMENT
Edition statement 2nd ed.
260 ## - PUBLICATION, DISTRIBUTION, ETC.
Place of publication, distribution, etc. Englewood Cliffs, N.J. :
Name of publisher, distributor, etc. Prentice-Hall,
Date of publication, distribution, etc. c1987.
300 ## - PHYSICAL DESCRIPTION
Extent 357 p. ;
Dimensions 23 cm.
650 #0 - SUBJECT ADDED ENTRY--TOPICAL TERM
Topical term or geographic name entry element Sociology.
700 1# - ADDED ENTRY--PERSONAL NAME
Personal name Charon, Joel M.,
Dates associated with a name 1939-
942 ## - ADDED ENTRY ELEMENTS (KOHA)
Source of classification or shelving scheme Library of Congress Classification
Koha item type Books
Edition 2nd Ed.
Suppress in OPAC No
999 ## -
-- 3056
-- 3056
Holdings
Withdrawn status Lost status Source of classification or shelving scheme Damaged status Not for loan Collection Home library Current library Shelving location Date acquired Total checkouts Full call number Barcode Date last seen Copy number Price effective from Koha item type
    Library of Congress Classification     Non-fiction Business Library (Miotso) Business Library (Miotso) General stacks 01/22/2025   HM51 .M325 1987 BSSM00000664 01/24/2025 1 01/22/2025 Books
© 2023-2024 Copyright: Central University Libraries. All Rights Reserved | Created by: Mahone Tech Office